Kandidátské státy EU: Polsko

Z nie veľmi výkonnej centrálne plánovanej ekonomiky sa v druhej polovici 90. rokov stala najdynamickejšia ekonomika strednej a východnej Európy. Základné ekonomické ukazovatele poľskej ekonomiky. Legislatíva, súdy a poľnohospodárstvo.

Gespeichert in:
Bibliographische Detailangaben
1. Verfasser: Lukáš, Zdeněk
Format: Buchkapitel
Sprache:Tschechisch
Schlagworte:
Tags: Tag hinzufügen
Keine Tags, Fügen Sie das erste Tag hinzu!

MARC

LEADER 00000naa a2200000 4500
001 r038226
005 20230920100748.9
041 0 |a cze 
044 |a CZ 
245 1 0 |a Kandidátské státy EU: Polsko  |c Zdeněk Lukáš 
520 |a Z nie veľmi výkonnej centrálne plánovanej ekonomiky sa v druhej polovici 90. rokov stala najdynamickejšia ekonomika strednej a východnej Európy. Základné ekonomické ukazovatele poľskej ekonomiky. Legislatíva, súdy a poľnohospodárstvo. 
610 2 0 |a Európska únia 
610 2 0 |a Poľsko 
610 2 0 |a situácia hospodárska 
610 2 0 |a ukazovatele ekonomické 
610 2 0 |a transformácia 
610 2 0 |a legislatíva 
610 2 0 |a súdy 
610 2 0 |a poľnohospodárstvo 
100 1 |a Lukáš, Zdeněk